000 00968nas a2200325 4500
001 BR0905615
003 BR-BrBNA
005 20231205113723.0
007 ta
008 230509b bl.|||p| |||| 00| 00por d
040 _aBR-BrBNA
_bpor
_cBiblioteca Nacional de Agricultura
041 _a(Pt)
072 _aP34; K10
100 1 _aSouza, R.C. de
100 1 _aPereira, M.G.
100 1 _aGiácomo, R.G.
100 1 _aSilva, E.M.R. da
100 1 _aMenezes, L.F.T. de
245 1 _aProdução de mudas micorrizadas de Schinus terebinthifolius Raddi. em diferentes substratos
650 _aPRODUÇÃO FLORESTAL
650 _aMUDA
650 _aMICORRIZA
650 _aESSÊNCIA FLORESTAL
650 _aAROEIRA DO CAMPO
650 _aÁRVORE ANGIOSPERMA
650 _aINOCULAÇÃO
773 0 _tFloresta (Brazil)
_xISSN 0015-3826
_g(Jan-Mar 2009), v. 39(1) p. 197-206
_wBR0905615
909 _a202311
_bLúcia
_c55
_dLúcia Elande
942 _2AGRIS
_n0
_cANA
999 _c205232
_d205232